000 00590nam a2200229Ia 4500
003 OSt
005 20220918215719.0
006 a|||||r|||| 00| 0
007 ta
008 220917b |||||||| |||| 00| 0 eng d
024 _a142,236
037 _cTextual
040 _aARTS
_cARTS
_beng
041 _2eng
_aeng
082 _aY12.73.N5, J9
100 _aWoods Frances Jerome
_9134861
245 0 _aAmerican family system
260 _aNA
_bNA
_c1959
650 _aSOCIOLOGY
942 _hY12.73.N5, J9
_cTEXL
_2CC
999 _c265195
_d265195